Statistiques concernant Stade Malherbe Caen - Joueurs les plus capés

Cliquez ici pour prendre le quiz!

Statistiques générales

  • Ce quiz a été pris 25 fois
  • Le résultat moyen est 2 sur 11

Statistiques - réponses

ApparitionNationalitéJoueur% Correct
520FranceNicolas Seube
100%
411FranceAnthony Deroin
45%
292FranceJérémy Sorbon
32%
254FranceCédric Hengbart
5%
214FranceCyrille Watier
5%
240FranceFranck Dumas
5%
207FranceGrégory Leca
5%
324FranceJimmy Hébert
5%
266FranceYvan Lebourgeois
5%
199FranceEmmanuel Rival
0%
199SlovaquieMilos Glonek
0%

Distribution des résultats

Percentile par nombre de réponses

% des personnes avec chaque résultat

Votre développement - résultats

Vous n’avez pas pris ce quiz